Normal view
MARC view
- FICTION / Anthologies (multiple authors)
Entry Topical Term
001 - CONTROL NUMBER
- control field: 96170
003 - CONTROL NUMBER IDENTIFIER
- control field: NUST
005 - DATE AND TIME OF LATEST TRANSACTION
- control field: 20220801162056.0
008 - FIXED-LENGTH DATA ELEMENTS
- fixed length control field: 220801|| aca||aabn | a|a d
040 ## - CATALOGING SOURCE
- Original cataloging agency: NUST
- Transcribing agency: NUST
150 ## - HEADING--TOPICAL TERM
- Topical term or geographic name entry element: FICTION / Anthologies (multiple authors)
670 ## - SOURCE DATA FOUND
- Source citation: Work cat.: (NUST)0: It occurs to me that I am America :
